Statistics for Top 15 Countries with Covid-19 Deaths - 17 December

Click here to take the quiz!

General Stats

  • This quiz has been taken 26 times
  • The average score is 15 of 22

Answer Stats

country% Correct
India
95%
Russia
95%
Spain
95%
United States
95%
Brazil
91%
France
91%
Mexico
91%
United Kingdom
91%
Argentina
86%
Italy
86%
Germany
82%
Colombia
77%
Peru
77%
Iran
73%
Belgium
64%
Poland
55%
Slovenia
36%
Czechia
32%
Armenia
27%
Bosnia and
Herzegovina
27%
North Macedonia
14%
Bulgaria
5%

Score Distribution

Percentile by Number Answered

Percent of People with Each Score

Your Score History

You have not taken this quiz